Nočná mora na Súmračnej

Problematika nezamestnanosti mladých ľudí a snaha vlády riešiť ju. Regionálna stratégia vzdelávania. Podpora celoživotného vzdelávania na úrovni podnikov.

Enregistré dans:
Détails bibliographiques
Auteur principal: Lehuta, Michal
Autres auteurs: Sibyla, Pavel
Format: Chapitre de livre
Langue:slovaque
Sujets:
Tags: Ajouter un tag
Pas de tags, Soyez le premier à ajouter un tag!

MARC

LEADER 00000naa a2200000 4500
001 0157021
005 20231113075902.0
041 0 |a slo 
044 |a SK 
245 1 0 |a Nočná mora na Súmračnej  |c Michal Lehuta, Pavel Sibyla 
520 |a Problematika nezamestnanosti mladých ľudí a snaha vlády riešiť ju. Regionálna stratégia vzdelávania. Podpora celoživotného vzdelávania na úrovni podnikov. 
610 2 0 |a absolventi 
610 2 0 |a mladiství 
610 2 0 |a nezamestnanosť 
610 2 0 |a záujem o prácu 
610 2 0 |a vzdelávanie 
100 1 |a Lehuta, Michal 
700 1 |a Sibyla, Pavel